<?xml version="1.0" encoding="UTF-8"?>
<record
    xmlns:xsi="http://www.w3.org/2001/XMLSchema-instance"
    xsi:schemaLocation="http://www.loc.gov/MARC21/slim http://www.loc.gov/standards/marcxml/schema/MARC21slim.xsd"
    xmlns="http://www.loc.gov/MARC21/slim">

  <leader>00688nam a2200193 a 4500</leader>
  <controlfield tag="005">20140319094307.0</controlfield>
  <controlfield tag="008">140319b1988    ck ||||| |||| 00| 0 spa d</controlfield>
  <datafield tag="041" ind1=" " ind2=" ">
    <subfield code="a">spa</subfield>
  </datafield>
  <datafield tag="044" ind1=" " ind2=" ">
    <subfield code="a">ck</subfield>
  </datafield>
  <datafield tag="090" ind1=" " ind2=" ">
    <subfield code="a">LB</subfield>
    <subfield code="b">04620</subfield>
  </datafield>
  <datafield tag="110" ind1=" " ind2=" ">
    <subfield code="b">Corporaci&#xF3;n Aut&#xF3;noma Regional de las Cuencas de los r&#xED;os Bogot&#xE1;, Ubat&#xE9; y Su&#xE1;rez</subfield>
    <subfield code="9">22830</subfield>
  </datafield>
  <datafield tag="245" ind1=" " ind2=" ">
    <subfield code="a">Evaluaci&#xF3;n de beneficios indirectos originados por el proyecto control de erosion cuenca del r&#xED;o Checua</subfield>
  </datafield>
  <datafield tag="260" ind1=" " ind2=" ">
    <subfield code="a">Bogot&#xE1;</subfield>
    <subfield code="b">CAR</subfield>
    <subfield code="b">GTZ</subfield>
    <subfield code="b">KFW</subfield>
    <subfield code="c">1988</subfield>
  </datafield>
  <datafield tag="300" ind1=" " ind2=" ">
    <subfield code="a">93 p.</subfield>
  </datafield>
  <datafield tag="710" ind1=" " ind2=" ">
    <subfield code="a">^aAgencia Alemana para la Cooperaci&#xF3;n T&#xE9;cnica</subfield>
    <subfield code="9">22831</subfield>
  </datafield>
  <datafield tag="710" ind1=" " ind2=" ">
    <subfield code="a">^aCaja de Credito para la Reconstrucci&#xF3;n</subfield>
    <subfield code="9">22832</subfield>
  </datafield>
  <datafield tag="942" ind1=" " ind2=" ">
    <subfield code="c">Impreso</subfield>
    <subfield code="2">z</subfield>
  </datafield>
  <datafield tag="945" ind1=" " ind2=" ">
    <subfield code="d">2006-09-22</subfield>
  </datafield>
  <datafield tag="999" ind1=" " ind2=" ">
    <subfield code="c">5279</subfield>
    <subfield code="d">5279</subfield>
  </datafield>
  <datafield tag="952" ind1=" " ind2=" ">
    <subfield code="0">0</subfield>
    <subfield code="1">0</subfield>
    <subfield code="2">z</subfield>
    <subfield code="4">0</subfield>
    <subfield code="7">0</subfield>
    <subfield code="8">GENERAL</subfield>
    <subfield code="a">Venado</subfield>
    <subfield code="b">Venado</subfield>
    <subfield code="d">2006-09-22</subfield>
    <subfield code="l">0</subfield>
    <subfield code="o">LB-04620</subfield>
    <subfield code="p">023309</subfield>
    <subfield code="r">2012-12-04 00:00:00</subfield>
    <subfield code="t">Ej. 1</subfield>
    <subfield code="w">2012-12-04</subfield>
    <subfield code="x">Donacion</subfield>
    <subfield code="y">LIBRO</subfield>
  </datafield>
</record>
